| 000 | 00467nam a2200181Ia 4500 | ||
|---|---|---|---|
| 003 | GCL | ||
| 008 | 140319s9999 xx 000 0 eng d | ||
| 040 |
_aGCL / _cGCL |
||
| 082 | 0 | 4 |
_a759 _bI S |
| 245 | 1 | 0 | _aSIGNES D'EGYPTE: LOEUVRE ET LAVIE DU PEINTRE HAMED ABDALLA 1917-1985 |
| 260 |
_a[S.N] : _bIM MEDIA NC |
||
| 300 | _a47 P | ||
| 650 | 0 | 4 | _aART - EGYPT |
| 650 | 0 | 4 | _aEGYPTIAN PAINTER |
| 650 | 0 | 4 | _aMODERN EGYPTIAN ART |
| 650 | 0 | 4 | _aPAINTING |
| 942 |
_2ddc _cBK |
||
| 999 |
_c12298 _d12298 |
||